Tutorial on software design techniques / (Record no. 175673)

000 -LEADER
fixed length control field 01184 a2200241 4500
003 - CONTROL NUMBER IDENTIFIER
control field Nust
005 - DATE AND TIME OF LATEST TRANSACTION
control field 20230516101028.0
010 ## - LIBRARY OF CONGRESS CONTROL NUMBER
LC control number 83081873
020 ## - INTERNATIONAL STANDARD BOOK NUMBER
International Standard Book Number 0818605146 (pbk.)
020 ## - INTERNATIONAL STANDARD BOOK NUMBER
International Standard Book Number 0818645148 (microfiche)
040 ## - CATALOGING SOURCE
Transcribing agency Nust
082 00 - DEWEY DECIMAL CLASSIFICATION NUMBER
Classification number 001.642,FRE
245 00 - TITLE STATEMENT
Title Tutorial on software design techniques /
Statement of responsibility, etc. [edited by] Peter Freeman, Anthony I. Wasserman.
250 ## - EDITION STATEMENT
Edition statement 4th ed.
260 ## - PUBLICATION, DISTRIBUTION, ETC.
Place of publication, distribution, etc. Silver Spring, MD :
Name of publisher, distributor, etc. IEEE Computer Society Press ;
Place of publication, distribution, etc. Los Angeles, CA :
Name of publisher, distributor, etc. Order from IEEE Computer Society,
Date of publication, distribution, etc. 1983.
300 ## - PHYSICAL DESCRIPTION
Extent ix, 719 p. :
Other physical details ill. ;
Dimensions 28 cm.
505 ## - FORMATTED CONTENTS NOTE
Formatted contents note Part.1 Introduction (Page-2), Part.2 Analysis Techniques (Page-79), Part.3 Specification Methods (Page-177), Part.4 External Design (Page-242), Part.5 Architecture Design Techniques: Process View (Page-304), Part.6 Architecture Design Techniques : Data View (Page-395), Part.6 Detailed Design Techniques (Page-485), Part.8 Design Validation (Page-542), Part.9 Software Development Methodologies (Page-607)
650 #0 - SUBJECT ADDED ENTRY--TOPICAL TERM
Topical term or geographic name entry element Computer programming.
700 1# - ADDED ENTRY--PERSONAL NAME
Personal name Freeman, Peter,
Dates associated with a name 1941-
9 (RLIN) 112353
700 1# - ADDED ENTRY--PERSONAL NAME
Personal name Wasserman, Anthony I.
9 (RLIN) 112354
740 0# - ADDED ENTRY--UNCONTROLLED RELATED/ANALYTICAL TITLE
Uncontrolled related/analytical title Software design techniques.
942 ## - ADDED ENTRY ELEMENTS (KOHA)
Source of classification or shelving scheme
Koha item type Book Bank
Holdings
Withdrawn status Lost status Source of classification or shelving scheme Damaged status Not for loan Permanent Location Current Location Shelving location Date acquired Full call number Barcode Date last seen Price effective from Koha item type Public note
          Military College of Signals (MCS) Military College of Signals (MCS) General Stacks 12/12/2016 001.642,FRE MCS448 12/08/2016 12/12/2016 Book Bank Almirah No.107, Shelf No.1
          Military College of Signals (MCS) Military College of Signals (MCS) General Stacks 12/12/2016 001.642,FRE MCS449 12/08/2016 12/12/2016 Book Bank Almirah No.107, Shelf No.1
          Military College of Signals (MCS) Military College of Signals (MCS) General Stacks 12/12/2016 001.642,FRE MCS450 12/08/2016 12/12/2016 Book Almirah No.79, Shelf No.1
© 2023 Central Library, National University of Sciences and Technology. All Rights Reserved.